000 00338nam a22001457a 4500
020 _a81-89999-60-5
082 _a823
_bPAI/R
100 _aPAI, ANANT
245 _aRAMAN THE MATCHLESS WIT
260 _aMUMBAI
_bAMAR CHITHRA KATHA
300 _a32
520 _aENGLISH SHORT STORY
650 _aENGLISH SHORT STORY
_zMUMBAI
942 _cBK
999 _c5325
_d5325